000 00403pab a2200145 454500
008 180718b1999 xxu||||| |||| 00| 0 eng d
100 _aMoomaw, William et al.
245 _aThe Kyoto protocol: a blueprint for sustainable development
260 _c1999
300 _ap.82-90
362 _aMar
650 _aSustainable development
773 _aJournal of Environmen and Development
909 _a41108
999 _c41108
_d41108